• 首页
  • 本馆介绍
  • 公告通知
  • 最新文献
  • 馆藏检索
  • 电子资源
  • 读者导购
  • 参考咨询
  • 我的图书馆
  • 登录
  • 详细信息显示
  • 放入我的书架
  • 预约/预借图书
  • 作者相关作品
  • 分类相关作品
  • 丛书相关作品
  • 出版社相关作品

书目信息

  • 表格格式
  • 工作单格式
  • 卡片格式
题名:
海洋学导论
    
 
作者: 特鲁希略 , 瑟曼 著 ;张荣华 译
分册:  
出版信息: 北京   电子工业出版社  2017.07
页数: 12, 495页
开本: 26cm
丛书名:
单 册:
中图分类: P7
科图分类:
主题词: 海洋学--hai yang xue--高等学校--教材
电子资源:
ISBN: 978-7-121-31675-3
000 01407nam0 2200289 450
001 0109110154
005 20201109110337.0
010    @a978-7-121-31675-3@dCNY138.00
100    @a20171018e20192017em y0chiy50 ea
101 1  @achi@ceng
102    @aCN@b110000
105    @aab z 000yy
106    @ar
200 1  @a海洋学导论@Ahai yang xue dao lun@dEssentials of oceanography@f(美)Alan P. Trujillo, (美)Harold V. Thurman著@g张荣华等译@zeng
210    @a北京@c电子工业出版社@d2017.07@h2019.12
215    @a12, 495页@c图,照片,地图@d26cm
304    @a译者还有:李新正、李安春、万世明、袁华茂、张光涛等
305    @a据原书第11版译出 由Pearson Education(培生教育出版集团)授权出版
330    @a本书根据地质学、化学、物理学、生物学等基础学科与海洋的关系,以及大气圈、生物圈和水圈与海洋之间的相互作用,介绍了海洋的基本知识和运行机制。主要内容包括地球简介、板块构造和海底、海洋、海洋沉积物、海水、气海相互作用、海洋环流、海浪和海浪动力学、潮汐、海滩和海岸线过程、近岸海洋、海洋生命和海洋环境、生物生产率和能量传输、深海动物、底栖动物、海洋与气候变化等。
510 1  @aEssentials of oceanography@zeng
606 0  @a海洋学@Ahai yang xue@x高等学校@j教材
690    @aP7@v5
701  1 @c(美)@a特鲁希略@Ate lu xi lue@c(Trujillo, Alan P.)@4著
701  1 @c(美)@a瑟曼@Ase man@c(Thurman, Harold V.)@4著
702  0 @a张荣华@Azhang rong hua@4译
801  0 @aCN@bBJSZM@c20201103
905    @b1240054-6@dP7@e119@f3
    
    海洋学导论=Essentials of oceanography/(美)Alan P. Trujillo, (美)Harold V. Thurman著/张荣华等译.-北京:电子工业出版社,2017.07(2019.12)
    12, 495页:图,照片,地图;26cm
    
    
    ISBN 978-7-121-31675-3:CNY138.00
    本书根据地质学、化学、物理学、生物学等基础学科与海洋的关系,以及大气圈、生物圈和水圈与海洋之间的相互作用,介绍了海洋的基本知识和运行机制。主要内容包括地球简介、板块构造和海底、海洋、海洋沉积物、海水、气海相互作用、海洋环流、海浪和海浪动力学、潮汐、海滩和海岸线过程、近岸海洋、海洋生命和海洋环境、生物生产率和能量传输、深海动物、底栖动物、海洋与气候变化等。
●
相关链接 在E读中查询图书 在五车中查询图书 在当当中查询图书 在豆瓣中查询图书


正题名:海洋学导论     索取号:P7/119         预约/预借

序号 登录号 条形码 馆藏地/架位号 状态 备注
1 1240054   212400542   第二样本阅览室/ [索取号:P7/119] 在馆    
2 1240055   212400551   第三借阅区/ [索取号:P7/119] 在馆    
3 1240056   212400560   第三借阅区/ [索取号:P7/119] 在馆    
唐山师范学院图书馆 欢迎您!
大连网信软件有限公司© 版权所有